• 首页
  • 本馆介绍
  • 公告通知
  • 最新文献
  • 馆藏检索
  • 电子资源
  • 读者导购
  • 参考咨询
  • 我的图书馆
  • 登录
  • 详细信息显示
  • 放入我的书架
  • 预约/预借图书
  • 作者相关作品
  • 分类相关作品
  • 丛书相关作品
  • 出版社相关作品

书目信息

  • 表格格式
  • 工作单格式
  • 卡片格式
题名:
我对祖国的职责
    
 
作者: 巴列维 著 ;元文琪 译
分册:  
出版信息: 北京   商务印书馆  1977
页数: 446页
开本: 20cm
丛书名:
单 册:
中图分类: D737.30 , K833.73
科图分类:
主题词: 历史--概况--伊朗--历史 , 地理
电子资源:
ISBN:
000 00868nam0 2200289 450
001 1573377234
005 20150120202345.78
010    @dCNY1.30
091    @a3017.206
100    @a19980305d1977 em y0chiy0110 ea
101 1  @achi@cheb
102    @aCN@b110000
105    @ay z 000yy
200 1  @a我对祖国的职责@9wo dui zu guo de zhi ze@f(伊朗)巴列维著@g元文琪译
210    @a北京@c商务印书馆@d1977
215    @a446页@d20cm
300    @a内部发行
600  1 @a巴列维@c(Pahlavi,Mohammad-Reza)@x生平事迹
600  1 @2CT@3S001247@a巴列维@c(Pahlavi,Mohammad-Reza)
606 0  @a历史@x概况@y伊朗@a历史
606 0  @a地理
690    @aD737.30@v5
690    @aK833.73@v4
701  0 @a巴列维@9ba lie wei@c(Mohammed Reza Pahlavi, Shah of Iran,@f1919~)@4著
702  0 @a元文琪@9yuan wen qi@4译
801  0 @aCN@bTSSF@c20150120
905    @aZUCC@dK833.73@eJY124
    
    我对祖国的职责/(伊朗)巴列维著/元文琪译.-北京:商务印书馆,1977
    446页;20cm
    内部发行
    
    ISBN :CNY1.30
    
●
相关链接 在E读中查询图书 在五车中查询图书 在当当中查询图书 在豆瓣中查询图书


正题名:我对祖国的职责     索取号:K833.73/JY124         预约/预借

序号 登录号 条形码 馆藏地/架位号 状态 备注
1 7836922   278369221   学院路分馆/ [索取号:K833.73/JY124] 在馆    
唐山师范学院图书馆 欢迎您!
大连网信软件有限公司© 版权所有